[Event "Izmailov Memorial op 12th"]
[Site "Tomsk"]
[Date "2008.06.27"]
[Round "3"]
[White "Yudin, Sergei"]
[Black "Voinov, Alexandr"]
[Result "1-0"]
[WhiteElo "2531"]
[BlackElo "2439"]
[PlyCount "74"]
[EventDate "2008.06.25"]
[EventType "swiss"]
[EventRounds "9"]
[EventCountry "RUS"]
[SourceTitle "CBM 125 Extra"]
[Source "ChessBase"]
[SourceDate "2008.09.01"]
[SourceVersion "1"]
[SourceVersionDate "2008.09.01"]
[SourceQuality "1"]

1. e4 d6 2. d4 Nf6 3. Nc3 g6 4. f4 Bg7 5. Nf3 0-0 6. Bd3 Na6 7. 0-0 c5 8. d5 Rb8 9. Kh1 Nc7 10. a4 a6 11. a5 b5 12. axb6 Rxb6 13. Nd2 Nb5 14. Nc4 Nxc3 15. bxc3 Rb8 16. Bd2 Qc7 17. Qf3 e6 18. e5 Ne8 19. dxe6 fxe6 20. exd6 Nxd6 21. Qe2 Nxc4 22. Bxc4 Rb6 23. Bxa6 Bxa6 24. Rxa6 Rxa6 25. Qxa6 Qd7 26. Be3 Qd5 27. c4 Qe4 28. Bxc5 Ra8 29. Qb5 Rc8 30. Rd1 Qxf4 31. Qb6 Qb8 32. Qxe6+ Kh8 33. Bd6 Qa8 34. Be5 Re8 35. Bxg7+ Kxg7 36. Rd7+ Kh6 37. Qh3+ Kg5 1-0

[Event "Sibiria Region-chT"]
[Site "Kemerovo"]
[Date "2007.12.11"]
[Round "5"]
[White "Voinov, Alexandr"]
[Black "Konev, Kirill"]
[Result "1-0"]
[WhiteElo "2437"]
[BlackElo "2192"]
[PlyCount "97"]
[EventDate "2007.12.07"]
[EventType "team"]
[EventRounds "7"]
[EventCountry "RUS"]
[SourceTitle "CBM 122 Extra"]
[Source "ChessBase"]
[SourceDate "2008.03.04"]
[SourceVersion "1"]
[SourceVersionDate "2008.03.04"]
[SourceQuality "1"]

1. d4 Nf6 2. Nf3 g6 3. Bg5 Bg7 4. Nbd2 0-0 5. e3 d6 6. c3 Nbd7 7. Bc4 c6 8. a4 Rb8 9. b4 a5 10. 0-0 Nb6 11. Bd3 Nbd5 12. e4 h6 13. Bxf6 Nxf6 14. b5 Nh5 15. Re1 e5 16. dxe5 dxe5 17. Nc4 Qc7 18. Bf1 Rd8 19. b6 Qe7 20. Qc1 Bg4 21. Qe3 Nf4 22. h3 Bd7 23. Nxa5 h5 24. Nb3 g5 25. Red1 g4 26. hxg4 hxg4 27. Nh2 Be6 28. c4 Bh6 29. Qc3 g3 30. fxg3 Ng6 31. a5 Kg7 32. Rxd8 Rxd8 33. Be2 Rh8 34. Ng4 Bg5 35. Ne3 Nf8 36. Rf1 Kg8 37. Nf5 Bxf5 38. Rxf5 Ne6 39. c5 Qd8 40. Kf2 Nd4 41. Nxd4 exd4 42. Qb3 Be3+ 43. Kf3 Rh7 44. a6 bxa6 45. b7 Qb8 46. Qb6 Rg7 47. e5 f6 48. Bc4+ Kh7 49. Qb1 1-0

[Event "Sibiria Region-chT"]
[Site "Kemerovo"]
[Date "2007.12.09"]
[Round "3"]
[White "Voinov, Alexandr"]
[Black "Iskusnyh, Sergei"]
[Result "1-0"]
[WhiteElo "2437"]
[BlackElo "2483"]
[PlyCount "69"]
[EventDate "2007.12.07"]
[EventType "team"]
[EventRounds "7"]
[EventCountry "RUS"]
[SourceTitle "CBM 122 Extra"]
[Source "ChessBase"]
[SourceDate "2008.03.04"]
[SourceVersion "1"]
[SourceVersionDate "2008.03.04"]
[SourceQuality "1"]

1. d4 d5 2. Nf3 Nf6 3. c4 c6 4. Nc3 a6 5. a4 e6 6. Bg5 Nbd7 7. e3 Qa5 8. cxd5 Nxd5 9. e4 Nxc3 10. bxc3 Nf6 11. Bd3 Qxc3+ 12. Ke2 Qa5 13. Qc2 h6 14. Bd2 Bb4 15. Bxb4 Qxb4 16. Rhb1 Qe7 17. Kf1 0-0 18. Rb3 Nd7 19. e5 c5 20. Rc1 b6 21. Bh7+ Kh8 22. Be4 Ra7 23. a5 c4 24. Qxc4 b5 25. Qe2 Bb7 26. Rc7 Bxe4 27. Rxa7 Bd5 28. Rc3 Qb4 29. Qd2 Bxf3 30. gxf3 Nb8 31. Rxf7 Rg8 32. Rxg7 Qb1+ 33. Rc1 Qxc1+ 34. Qxc1 Kxg7 35. Qc7+ 1-0

[Event "RUS-ch U26"]
[Site "Novokuznetsk"]
[Date "2007.10.24"]
[Round "3"]
[White "Khairullin, Ildar"]
[Black "Voinov, Alexandr"]
[Result "1-0"]
[WhiteElo "2567"]
[BlackElo "2437"]
[PlyCount "71"]
[EventDate "2007.10.22"]
[EventType "swiss"]
[EventRounds "9"]
[EventCountry "RUS"]
[SourceTitle "EXT 2009"]
[Source "ChessBase"]
[SourceDate "2008.11.26"]
[SourceVersion "1"]
[SourceVersionDate "2008.11.26"]
[SourceQuality "1"]

1. e4 d6 2. d4 Nf6 3. Nc3 g6 4. f4 Bg7 5. Nf3 c5 6. dxc5 Qa5 7. Qd4 dxc5 8. Qc4 0-0 9. e5 Nfd7 10. Be3 Na6 11. 0-0-0 Nc7 12. Nd2 b5 13. Nb3 Qxa2 14. Qxb5 Nxb5 15. Nxa2 Nc7 16. g3 Ne6 17. Bb5 c4 18. Na5 Nb6 19. Nb4 f6 20. exf6 Bxf6 21. Nxc4 Nc7 22. Nxb6 axb6 23. Bc4+ Be6 24. Bxe6+ Nxe6 25. c3 g5 26. f5 Ng7 27. g4 h5 28. h3 hxg4 29. hxg4 e6 30. fxe6 Nxe6 31. Bxb6 Bg7 32. Nd5 Rfb8 33. Kc2 Nf4 34. Bc7 Nxd5 35. Rxd5 Rb7 36. Rc5 1-0

[Event "RUS-ch Higher League 60th"]
[Site "Krasnoyarsk"]
[Date "2007.09.09"]
[Round "6"]
[White "Voinov, Alexandr"]
[Black "Kryakvin, Dmitry"]
[Result "1/2-1/2"]
[WhiteElo "2428"]
[BlackElo "2554"]
[PlyCount "89"]
[EventDate "2007.09.03"]
[EventType "swiss"]
[EventRounds "11"]
[EventCountry "RUS"]
[SourceTitle "CBM 120"]
[Source "ChessBase"]
[SourceDate "2007.10.02"]
[SourceVersion "1"]
[SourceVersionDate "2007.10.02"]
[SourceQuality "1"]

1. d4 g6 2. Nf3 Bg7 3. g3 Nf6 4. Bg2 0-0 5. 0-0 d6 6. c4 Nc6 7. Nc3 Rb8 8. e3 a6 9. Qe2 b5 10. Rd1 b4 11. Nd5 Nd7 12. a3 a5 13. axb4 axb4 14. e4 e6 15. Nf4 Re8 16. Be3 Bb7 17. Nd3 Ne7 18. Bd2 Nc6 19. Be3 Ba8 20. Rac1 Na5 21. Nd2 c5 22. dxc5 dxc5 23. Bxc5 Bxb2 24. Rb1 Nxc5 25. Nxc5 Bc3 26. e5 Qc8 27. Nde4 Bxe4 28. Nxe4 Bxe5 29. c5 Rd8 30. Rdc1 Qc7 31. c6 Bd4 32. Nc5 Bxc5 33. Rxc5 b3 34. Qe5 Qxe5 35. Rxe5 Nc4 36. Rc5 Nd2 37. Rb2 Rbc8 38. f4 Rd6 39. Kf2 f5 40. Ke3 Ne4 41. Bxe4 fxe4 42. Kxe4 Rcxc6 43. Rxc6 Rxc6 44. Rxb3 Rc7 45. g4 1/2-1/2

[Event "RUS-ch Higher League 60th"]
[Site "Krasnoyarsk"]
[Date "2007.09.03"]
[Round "1"]
[White "Popov, Valerij"]
[Black "Voinov, Alexandr"]
[Result "1/2-1/2"]
[WhiteElo "2577"]
[BlackElo "2428"]
[PlyCount "46"]
[EventDate "2007.09.03"]
[EventType "swiss"]
[EventRounds "11"]
[EventCountry "RUS"]
[SourceTitle "CBM 120"]
[Source "ChessBase"]
[SourceDate "2007.10.02"]
[SourceVersion "1"]
[SourceVersionDate "2007.10.02"]
[SourceQuality "1"]

1. d4 d5 2. c4 c6 3. Nc3 Nf6 4. e3 a6 5. Qc2 g6 6. Bd3 Bg7 7. Nge2 0-0 8. 0-0 dxc4 9. Bxc4 Nbd7 10. b4 e5 11. Rd1 Qe7 12. a3 exd4 13. Nxd4 Nb6 14. Be2 Rd8 15. Bb2 Bg4 16. h3 Bxe2 17. Ncxe2 a5 18. Qb3 axb4 19. axb4 Nfd5 20. Nc2 Bxb2 21. Qxb2 Rxa1 22. Rxa1 Nc4 23. Qb3 Nd2 1/2-1/2

[Event "Novosibirsk Sibiria-A"]
[Site "Novosibirsk"]
[Date "2007.07.22"]
[Round "4"]
[White "Voinov, Alexandr"]
[Black "Verzhansky, Alexander"]
[Result "1/2-1/2"]
[WhiteElo "2428"]
[BlackElo "2361"]
[PlyCount "27"]
[EventDate "2007.07.20"]
[EventType "tourn"]
[EventRounds "11"]
[EventCountry "RUS"]
[EventCategory "4"]
[SourceTitle "CBM 119 Extra"]
[Source "ChessBase"]
[SourceDate "2007.09.04"]
[SourceVersion "1"]
[SourceVersionDate "2007.09.04"]
[SourceQuality "1"]

1. Nf3 d5 2. g3 c6 3. Bg2 Bg4 4. 0-0 Nd7 5. d4 e6 6. Nbd2 f5 7. c4 Ngf6 8. Re1 Bd6 9. Qb3 Rb8 10. h3 Bh5 11. cxd5 exd5 12. Nh4 Bg6 13. g4 0-0 14. g5 1/2-1/2

[Event "Sibiria Region-ch"]
[Site "Russia"]
[Date "2007.03.22"]
[Round "5"]
[White "Voinov, Alexandr"]
[Black "Khaustov, Vladimir"]
[Result "1-0"]
[WhiteElo "2410"]
[BlackElo "2252"]
[PlyCount "71"]
[EventDate "2007.03.18"]
[EventType "swiss"]
[EventRounds "9"]
[EventCountry "RUS"]
[SourceTitle "EXT 2008"]
[Source "ChessBase"]
[SourceDate "2007.11.25"]
[SourceVersion "1"]
[SourceVersionDate "2007.11.25"]
[SourceQuality "1"]

1. Nf3 Nf6 2. g3 g6 3. Bg2 Bg7 4. 0-0 0-0 5. c4 c5 6. Nc3 Nc6 7. d4 cxd4 8. Nxd4 Nxd4 9. Qxd4 d6 10. Qd2 a6 11. Rd1 Nd7 12. b3 Nc5 13. Bb2 Be6 14. Rac1 Rb8 15. h4 h5 16. b4 Nd7 17. Ne4 Ne5 18. c5 Nc4 19. Rxc4 Bxb2 20. Rc2 Be5 21. cxd6 exd6 22. f4 Qb6+ 23. Kh2 Bg7 24. Qxd6 Qb5 25. Ng5 Bf5 26. e4 Bg4 27. Rd5 Qa4 28. Rc7 Rbc8 29. Ra5 Qe8 30. e5 Qd8 31. Qxd8 Rfxd8 32. Rxc8 Rxc8 33. Bxb7 Rc2+ 34. Kg1 f6 35. Bd5+ Kf8 36. exf6 1-0

[Event "Sibiria Region-ch"]
[Site "Russia"]
[Date "2007.03.18"]
[Round "1"]
[White "Voinov, Alexandr"]
[Black "Kiselyov, Sergei"]
[Result "1/2-1/2"]
[WhiteElo "2410"]
[BlackElo "2132"]
[PlyCount "81"]
[EventDate "2007.03.18"]
[EventType "swiss"]
[EventRounds "9"]
[EventCountry "RUS"]
[SourceTitle "EXT 2008"]
[Source "ChessBase"]
[SourceDate "2007.11.25"]
[SourceVersion "1"]
[SourceVersionDate "2007.11.25"]
[SourceQuality "1"]

1. d4 Nf6 2. Nf3 g6 3. c4 c5 4. d5 b5 5. Nbd2 d6 6. e4 Bg7 7. cxb5 a6 8. b6 Qxb6 9. Nc4 Qd8 10. Bd2 a5 11. Bd3 a4 12. 0-0 0-0 13. Qe1 Ba6 14. Ba5 Qe8 15. Nfd2 Bb5 16. Bc3 Ra7 17. Qe2 Na6 18. Rfe1 Qb8 19. Rac1 Nb4 20. a3 Nxd3 21. Qxd3 Qb7 22. Qf3 Rd8 23. h3 Qa6 24. Ne3 Nd7 25. Bxg7 Kxg7 26. Nec4 Bxc4 27. Nxc4 Nb6 28. Qc3+ Kg8 29. Nxb6 Qxb6 30. e5 Rb7 31. exd6 exd6 32. Qf6 Rf8 33. Re2 Qd8 34. Qf4 Re7 35. Rxe7 Qxe7 36. Qxa4 Rb8 37. b3 Qe5 38. Qc4 Qb2 39. b4 cxb4 40. axb4 Rxb4 41. Qc6 1/2-1/2

[Event "Izmailov Memorial op 11th"]
[Site "Tomsk"]
[Date "2007.??.??"]
[Round "?"]
[White "Nevostrujev, Vladimir"]
[Black "Voinov, Alexandr"]
[Result "1/2-1/2"]
[WhiteElo "2484"]
[BlackElo "2410"]
[PlyCount "29"]
[EventDate "2007.06.25"]
[EventType "swiss"]
[EventRounds "9"]
[EventCountry "RUS"]
[SourceTitle "EXT 2008"]
[Source "ChessBase"]
[SourceDate "2007.11.25"]
[SourceVersion "1"]
[SourceVersionDate "2007.11.25"]
[SourceQuality "1"]

1. e4 d6 2. d4 Nf6 3. Nc3 g6 4. Nf3 Bg7 5. Be2 0-0 6. 0-0 Bg4 7. Be3 Nc6 8. Qd2 e5 9. dxe5 dxe5 10. Rad1 Qe7 11. Nd5 Nxd5 12. Qxd5 Rfd8 13. Qb5 Nd4 14. Nxd4 exd4 15. Bc1 1/2-1/2

[Event "Izmailov Memorial op 11th"]
[Site "Tomsk"]
[Date "2007.??.??"]
[Round "?"]
[White "Yudin, Sergei"]
[Black "Voinov, Alexandr"]
[Result "0-1"]
[WhiteElo "2508"]
[BlackElo "2410"]
[PlyCount "46"]
[EventDate "2007.06.25"]
[EventType "swiss"]
[EventRounds "9"]
[EventCountry "RUS"]
[SourceTitle "EXT 2008"]
[Source "ChessBase"]
[SourceDate "2007.11.25"]
[SourceVersion "1"]
[SourceVersionDate "2007.11.25"]
[SourceQuality "1"]

1. e4 d6 2. d4 Nf6 3. Nc3 g6 4. g3 Bg7 5. Bg2 0-0 6. Nge2 e5 7. h3 Nc6 8. Be3 exd4 9. Nxd4 Bd7 10. 0-0 Re8 11. Re1 a6 12. a4 Rb8 13. a5 Qc8 14. g4 h5 15. g5 Nh7 16. h4 Ne5 17. f3 f6 18. b3 fxg5 19. hxg5 Rf8 20. Rf1 Rf7 21. Nde2 Bh3 22. Nd5 Bxg2 23. Kxg2 Nxf3 0-1

[Event "Saratov Aratovsky Memorial 6th"]
[Site "Saratov"]
[Date "2006.12.05"]
[Round "9"]
[White "Gleizerov, Evgeny"]
[Black "Voinov, Alexandr"]
[Result "1-0"]
[WhiteElo "2570"]
[BlackElo "2417"]
[PlyCount "51"]
[EventDate "2006.11.27"]
[EventType "swiss"]
[EventRounds "9"]
[EventCountry "RUS"]
[SourceTitle "EXT 2008"]
[Source "ChessBase"]
[SourceDate "2007.11.25"]
[SourceVersion "1"]
[SourceVersionDate "2007.11.25"]
[SourceQuality "1"]

1. d4 d5 2. c4 c6 3. Nf3 Nf6 4. Nc3 a6 5. Ne5 Nbd7 6. Bf4 dxc4 7. Nxc4 b5 8. Ne5 Bb7 9. e3 c5 10. dxc5 Nxe5 11. Bxe5 Nd7 12. Bg3 Nxc5 13. Qxd8+ Rxd8 14. Nxb5 axb5 15. Bxb5+ Nd7 16. 0-0 e5 17. Rfd1 Bb4 18. Bxe5 Ke7 19. Bc7 Bc8 20. Rd4 Bc5 21. Re4+ Kf6 22. Rd1 g5 23. Rc4 Be7 24. Bxd8 Rxd8 25. Rcd4 Bc5 26. Rd5 1-0

[Event "Saratov Aratovsky Memorial 6th"]
[Site "Saratov"]
[Date "2006.12.04"]
[Round "8"]
[White "Voinov, Alexandr"]
[Black "Maletin, Pavel"]
[Result "1/2-1/2"]
[WhiteElo "2417"]
[BlackElo "2540"]
[PlyCount "81"]
[EventDate "2006.11.27"]
[EventType "swiss"]
[EventRounds "9"]
[EventCountry "RUS"]
[SourceTitle "EXT 2008"]
[Source "ChessBase"]
[SourceDate "2007.11.25"]
[SourceVersion "1"]
[SourceVersionDate "2007.11.25"]
[SourceQuality "1"]

1. d4 Nf6 2. Nf3 e6 3. c4 Bb4+ 4. Bd2 c5 5. Bxb4 cxb4 6. e3 0-0 7. Bd3 d6 8. 0-0 Nc6 9. Nbd2 e5 10. Ne4 Bg4 11. h3 Bh5 12. Ng3 Bg6 13. Bxg6 hxg6 14. Qa4 Nd7 15. Rfd1 Qe7 16. a3 bxa3 17. Qxa3 e4 18. Nd2 f5 19. b4 b6 20. b5 Nd8 21. Ne2 g5 22. Nc3 Nf6 23. Nd5 Nxd5 24. cxd5 Nf7 25. Rdc1 f4 26. exf4 gxf4 27. Re1 Ng5 28. h4 Nf7 29. Qh3 Qb7 30. Qf5 Rae8 31. Rxe4 Nh6 32. Qg6 Rxe4 33. Nxe4 Qxd5 34. Ng5 Qf5 35. Qxf5 Nxf5 36. d5 Nxh4 37. Rxa7 Rf5 38. Ra8+ Rf8 39. Ra7 Rf5 40. Ra8+ Rf8 41. Ra7 1/2-1/2

[Event "Saratov Aratovsky Memorial 6th"]
[Site "Saratov"]
[Date "2006.11.30"]
[Round "4"]
[White "Voinov, Alexandr"]
[Black "Oleksienko, Mikhailo"]
[Result "1/2-1/2"]
[WhiteElo "2417"]
[BlackElo "2530"]
[PlyCount "73"]
[EventDate "2006.11.27"]
[EventType "swiss"]
[EventRounds "9"]
[EventCountry "RUS"]
[SourceTitle "EXT 2008"]
[Source "ChessBase"]
[SourceDate "2007.11.25"]
[SourceVersion "1"]
[SourceVersionDate "2007.11.25"]
[SourceQuality "1"]

1. d4 Nf6 2. Nf3 c5 3. d5 b5 4. Bg5 Qb6 5. Qd3 c4 6. Qd4 Qxd4 7. Nxd4 Nxd5 8. Nxb5 a6 9. N1c3 axb5 10. Nxd5 Kd8 11. Nb6 Ra6 12. Nxc8 Kxc8 13. g3 g6 14. Bg2 Bg7 15. c3 e6 16. 0-0 d5 17. a4 h6 18. Bf4 bxa4 19. e4 Rd8 20. exd5 exd5 21. Rfd1 Ra5 22. Ra2 Na6 23. Be3 Kc7 24. Rda1 Kc6 25. Rxa4 Rxa4 26. Rxa4 Kb5 27. Ra1 d4 28. cxd4 Nb4 29. Bf1 Bxd4 30. Bxd4 Rxd4 31. b3 Nd3 32. bxc4+ Kb6 33. Rd1 Ne5 34. Rb1+ Kc6 35. Bg2+ Kd6 36. Rb6+ Kc7 37. Rb7+ 1/2-1/2

[Event "Saratov Aratovsky Memorial 6th"]
[Site "Saratov"]
[Date "2006.11.29"]
[Round "3"]
[White "Evdokimov, Alexander A"]
[Black "Voinov, Alexandr"]
[Result "1/2-1/2"]
[WhiteElo "2550"]
[BlackElo "2417"]
[PlyCount "66"]
[EventDate "2006.11.27"]
[EventType "swiss"]
[EventRounds "9"]
[EventCountry "RUS"]
[SourceTitle "EXT 2008"]
[Source "ChessBase"]
[SourceDate "2007.11.25"]
[SourceVersion "1"]
[SourceVersionDate "2007.11.25"]
[SourceQuality "1"]

1. d4 d6 2. Nf3 Bg4 3. c4 Nd7 4. Nc3 Ngf6 5. g3 Bxf3 6. exf3 g6 7. Bg2 Bg7 8. 0-0 0-0 9. d5 Nb6 10. Qe2 c6 11. f4 cxd5 12. cxd5 Rc8 13. Be3 Nfd7 14. Rad1 Bxc3 15. bxc3 Rxc3 16. Bd4 Rc7 17. f5 Nf6 18. fxg6 hxg6 19. Ba1 Qd7 20. Qe3 Qf5 21. Rd4 Ng4 22. Qe2 Nf6 23. Rh4 Kg7 24. Qe3 Rh8 25. g4 Nbxd5 26. Qxa7 Qf4 27. Rxh8 Kxh8 28. Bxd5 e5 29. Qb8+ Kg7 30. Qxc7 Nxd5 31. Qd7 Qf3 32. Qxb7 Qxg4+ 33. Kh1 Qf3+ 1/2-1/2

[Event "Izmailov Memorial op 10th"]
[Site "Tomsk"]
[Date "2006.07.19"]
[Round "8"]
[White "Voinov, Alexandr"]
[Black "Gankin, Stanislav"]
[Result "1/2-1/2"]
[WhiteElo "2421"]
[BlackElo "2314"]
[PlyCount "55"]
[EventDate "2006.07.12"]
[EventType "swiss"]
[EventRounds "9"]
[EventCountry "RUS"]
[SourceTitle "EXT 2008"]
[Source "ChessBase"]
[SourceDate "2007.11.25"]
[SourceVersion "1"]
[SourceVersionDate "2007.11.25"]
[SourceQuality "1"]

1. Nf3 c5 2. g3 b6 3. Bg2 Bb7 4. 0-0 Nf6 5. c4 e6 6. Nc3 Be7 7. Re1 d6 8. e4 Nbd7 9. d4 cxd4 10. Nxd4 Qc7 11. b3 a6 12. Bb2 Rc8 13. f4 0-0 14. h3 g6 15. Kh2 Qb8 16. f5 e5 17. Nd5 Bd8 18. Nc2 Bxd5 19. cxd5 a5 20. Ne3 Nc5 21. Ng4 Nxg4+ 22. Qxg4 Nd3 23. Re2 Nxb2 24. Rxb2 h5 25. Qe2 Bg5 26. h4 Bh6 27. Rf1 Rc3 28. Rc2 1/2-1/2

[Event "Izmailov Memorial op 10th"]
[Site "Tomsk"]
[Date "2006.07.14"]
[Round "3"]
[White "Petenev, Konstantin"]
[Black "Voinov, Alexandr"]
[Result "1/2-1/2"]
[WhiteElo "2257"]
[BlackElo "2421"]
[PlyCount "40"]
[EventDate "2006.07.12"]
[EventType "swiss"]
[EventRounds "9"]
[EventCountry "RUS"]
[SourceTitle "EXT 2008"]
[Source "ChessBase"]
[SourceDate "2007.11.25"]
[SourceVersion "1"]
[SourceVersionDate "2007.11.25"]
[SourceQuality "1"]

1. e4 d6 2. d4 Nf6 3. Nc3 e5 4. Nf3 Nbd7 5. Bc4 Be7 6. 0-0 0-0 7. Re1 c6 8. a4 b6 9. b3 a6 10. Bb2 Bb7 11. Qd2 Qc7 12. Bd3 Rfe8 13. Ne2 Rad8 14. Ng3 g6 15. Rad1 Bf8 16. Qc1 Bg7 17. Qa1 Re7 18. dxe5 Nxe5 19. Nxe5 dxe5 20. Bc4 Ne8 1/2-1/2